| 000 | 00738cab a2200181 4500 | ||
|---|---|---|---|
| 001 | L129908 | ||
| 008 | 050603n2005 000 0 eng u | ||
| 035 | _a(Sirsi) u129908 | ||
| 041 | _aeng | ||
| 100 | _aO'Driscoll, Roderick | ||
| 245 | _aWitness tips | ||
| 260 | _c2005 | ||
| 490 |
_aSite Recorder _v123(1465) May 2005, 4(1) |
||
| 520 | _aGives witness tips for those in construction disputes called to give evidence. Discusses what circumstances are likely to result in a call to be a witness, and the preparation of a witness statement. (See also L129964 and L130337). | ||
| 590 | _aIKA070605 | ||
| 690 | _aMANAGEMENT-DISPUTE AVOIDANCE, MANAGEMENT AND RESOLUTION-DISPUTE MANAGEMENT AND RESOLUTION-EXPERT WITNESSES | ||
| 942 | _n0 | ||
| 999 |
_c75340 _d75340 |
||